| 000 | 00479nam a2200169Ia 4500 | ||
|---|---|---|---|
| 003 | GCL | ||
| 008 | 140319s9999 xx 000 0 ara d | ||
| 040 |
_aGCL / _cGCL |
||
| 082 | 0 | 4 |
_a492.4 _bع ب |
| 100 | 1 | _aعلى رؤوف سيد مرسى | |
| 245 | 1 | 0 |
_aبنو اسرائيل والعبرية الحديثة / _cعلى رؤوف سيد مرسى |
| 300 | _a299 ص | ||
| 490 | _a | ||
| 650 | 0 | 4 | _aاللغة العبرية |
| 650 | 0 | 4 | _aبنو اسرائيل |
| 942 |
_2ddc _cBK |
||
| 999 |
_c44203 _d44203 |
||